000 00716cam a22002533a 4500
001 28511
003 PGUSA
005 20140828083621.0
008 090406s2009||||xxu|||||s|||||000 d eng d
040 _aPGUSA
_beng
042 _adc
050 4 _aPN
100 1 _aCarlton, Henry Fisk
245 1 4 _aThe Tree That Saved Connecticut
_h[electronic resource] /
_cHenry Fisk Carlton
260 _bProject Gutenberg,
_c2009
506 _aPublic domain in the USA.
516 _aElectronic text
653 _aRadio plays
653 _aCharter Oak (Hartford, Conn.)
700 1 _aZyve, Claire Turner,
_d1895-
830 0 _aProject Gutenberg
_v28511
856 4 0 _uhttp://www.gutenberg.org/ebooks/28511
942 _cEB
999 _c257766
_d257766